000 00284nam a22001217a 4500
008 170622b xxu||||| |||| 00| 0 eng d
041 _aeng
080 _a94
100 _a16
101 _aSHH
245 _aJACOBEAN PAGEANT OR THE COURT IF KING JAMES I
_cAKRIGG,G.P
942 _2udc
_cBK
999 _c18678
_d18678